भारतीय पाक कला / (Record no. 14989)

MARC details
000 -LEADER
fixed length control field 01138nam a22002537a 4500
005 - DATE AND TIME OF LATEST TRANSACTION
control field 20080822142459.0
008 - FIXED-LENGTH DATA ELEMENTS--GENERAL INFORMATION
fixed length control field 080822t xxu||||| |||| 00| 0 hin d
010 ## - LIBRARY OF CONGRESS CONTROL NUMBER
LC control number HIN-84030
020 ## - INTERNATIONAL STANDARD BOOK NUMBER
Terms of availability 195.00
International Standard Book Number 8180800687
035 ## - SYSTEM CONTROL NUMBER
System control number HN-56376
037 ## - SOURCE OF ACQUISITION
Stock number DBAD / PUB
040 ## - CATALOGING SOURCE
Original cataloging agency DPL
Language of cataloging HN
082 ## - DEWEY DECIMAL CLASSIFICATION NUMBER
Classification number 641.5954
100 ## - MAIN ENTRY--PERSONAL NAME
Personal name जैन, अन्नू
245 ## - TITLE STATEMENT
Title भारतीय पाक कला /
Statement of responsibility, etc अन्नू जैन
246 ## - VARYING FORM OF TITLE
Title proper/short title Bhaaratiya paaka kalaa
Remainder of title by Annu Jain
260 ## - PUBLICATION, DISTRIBUTION, ETC. (IMPRINT)
Place of publication, distribution, etc दिल्ली
Name of publisher, distributor, etc वर्धमान पब्लिकेशन्स
Date of publication, distribution, etc 2006
270 ## - ADDRESS
Address 139- सी, डी.डी.ए. फ्लैटस, झिलमिल कालोनी
City दिल्ली
Postal code 110095
300 ## - PHYSICAL DESCRIPTION
Extent 143पृ
Dimensions 22सेमी (सजिल्द)
Other physical details सचित्र
650 ## - SUBJECT ADDED ENTRY--TOPICAL TERM
Topical term or geographic name as entry element Indian cooking
650 ## - SUBJECT ADDED ENTRY--TOPICAL TERM
Topical term or geographic name as entry element भारतीय पाककला
942 ## - ADDED ENTRY ELEMENTS (KOHA)
Source of classification or shelving scheme Dewey Decimal Classification
Koha item type Hindi Books
Call number prefix जैनअ
Classification part 641.5954
Holdings
Withdrawn status Lost status Damaged status Not for loan Collection code Home library Current library Date acquired Source of acquisition Cost, normal purchase price Total Checkouts Full call number Barcode Date last seen Copy number Cost, replacement price Price effective from Koha item type
      Not For Loan Non-fiction D.B.Act.Division D.B.Act.Division 22/08/2008 DBAD / PUB 195.00   641.5954 जैनअ HN-56376 15/09/2008 1 195.00 15/09/2008 Hindi Books

© Delhi Public Library
Hit Counter
free hit counter